[Event "Let's Play Chess!"]
[Site "http://www.queenalice.com/game.php?id=1323845"]
[Date "2014.11.24"]
[Round "-"]
[White "PGeon"]
[Black "gmvitinho"]
[Result "0-1"]
[WhiteElo "1638"]
[BlackElo "1317"]

1. e4 Nf6 2. e5 Nd5 3. c4 Nb6 4. Nf3 d6 5. Nc3 Nc6 6. d4 Bg4 7. Be3 dxe5 8. d5
Bxf3 9. Qxf3 Nd4 10. Bxd4 exd4 11. Ne4 h6 12. b3 e5 13. a3 Qd7 14. Bd3 O-O-O 15.
c5 Nxd5 16. O-O f5 17. Nf6 e4 18. Nxd7 exf3 19. Bxf5 Rxd7 20. Bxd7+ Kxd7 21.
Rac1 Nc3 22. Rc2 Bxc5 23. gxf3 Bxa3 24. Rd1 Nxd1 0-1

[Event "AUTO-OPEN-3386"]
[Site "http://www.queenalice.com/game.php?id=1324011"]
[Date "2014.11.24"]
[Round "1"]
[White "gmvitinho"]
[Black "vindaloo"]
[Result "1-0"]
[WhiteElo "1397"]
[BlackElo "1735"]

1. d4 d5 2. Nf3 c6 3. Bf4 e6 4. e3 Nf6 5. h3 Be7 6. Bd3 Nbd7 7. O-O c5 8. c3 c4
9. Be2 O-O 10. b3 b5 11. a4 a6 12. axb5 Nb6 13. bxc4 dxc4 14. Nbd2 Qd5 15. bxa6
Rxa6 16. Bc7 Nfd7 17. Rxa6 Qb7 18. Ra1 Qxc7 19. Qc2 Nf6 20. Qa2 Nfd5 21. Rfc1
Bd7 22. Ne5 Bb5 23. Bxc4 Bxc4 24. Ndxc4 Nxc4 25. Qxc4 Qxc4 26. Nxc4 1-0

[Event "AUTO-OPEN-3386"]
[Site "http://www.queenalice.com/game.php?id=1324012"]
[Date "2014.11.24"]
[Round "1"]
[White "vindaloo"]
[Black "gmvitinho"]
[Result "1/2-1/2"]
[WhiteElo "1679"]
[BlackElo "1707"]

1. e4 Nf6 2. Nc3 d5 3. exd5 Nxd5 4. Nxd5 Qxd5 5. Nf3 Bg4 6. Be2 e5 7. h3 Bh5 8.
O-O Nc6 9. d3 O-O-O 10. Be3 f5 11. c4 Qe6 12. Qd2 h6 13. b3 e4 14. Ne1 Bxe2 15.
Qxe2 exd3 16. Nxd3 g5 17. f4 g4 18. h4 h5 19. g3 Bg7 20. Rad1 Rhe8 21. Ne5 Bxe5
22. fxe5 Qxe5 23. Kf2 Ne7 24. Rxd8+ Rxd8 25. Bg5 Qxe2+ 26. Kxe2 Re8 27. Kf2 Kd7
28. Rd1+ Kc6 29. b4 a6 30. b5+ axb5 31. cxb5+ Kxb5 32. Re1 c5 33. Bxe7 c4 34.
Rb1+ Kc6 35. Bg5 b5 36. a3 Ra8 37. Be7 Re8 38. Bb4 Re4 39. Rd1 f4 40. Rd6+ Kc7
41. Rg6 fxg3+ 42. Kxg3 Re3+ 43. Kf2 Rf3+ 44. Ke2 Rh3 45. Be7 Kd7 46. Rg7 Ke6 47.
Rh7 c3 48. Bg5 c2 49. Rc7 Rxa3 50. Rxc2 g3 51. Rc1 b4 52. Kf1 Rd3 53. Kg2 b3 54.
Rb1 Kd5 55. Bf4 Ke4 56. Bxg3 Rd2+ 57. Kg1 b2 58. Be1 Rc2 59. Kf1 Kf3 60. Kg1 Ke2
61. Kg2 Rc1 62. Rxb2+ Kxe1 63. Rb5 Rc2+ 64. Kg1 Ke2 65. Rxh5 Kf3 66. Rg5 Kf4 67.
Rg8 Rc5 68. Kf2 Rh5 69. Rf8+ Kg4 70. Ke3 Kxh4 1/2-1/2

[Event "AUTO-OPEN-3386"]
[Site "http://www.queenalice.com/game.php?id=1324013"]
[Date "2014.11.24"]
[Round "1"]
[White "gmvitinho"]
[Black "Pagano"]
[Result "1/2-1/2"]
[WhiteElo "1570"]
[BlackElo "2093"]

1. d4 Nf6 2. Bf4 d5 3. Nf3 e6 4. h3 c5 5. c3 Nc6 6. e3 cxd4 7. exd4 Bd6 8. Bxd6
Qxd6 9. Bd3 O-O 10. O-O Re8 11. Re1 Rb8 12. Nbd2 e5 13. dxe5 Nxe5 14. Nxe5 Rxe5
15. Rxe5 Qxe5 16. Nf3 Qd6 17. Qc2 Qf4 18. Nd4 Qg5 19. Kf1 Bd7 20. Re1 a6 21. Nf3
Qf4 22. Nd4 Qh2 23. Nf3 Qh1+ 24. Ng1 h5 25. Bf5 Bb5+ 26. Bd3 Bd7 27. b3 1/2-1/2

[Event "AUTO-OPEN-3386"]
[Site "http://www.queenalice.com/game.php?id=1324014"]
[Date "2014.11.24"]
[Round "1"]
[White "Pagano"]
[Black "gmvitinho"]
[Result "1-0"]
[WhiteElo "2091"]
[BlackElo "1707"]

1. e4 Nf6 2. e5 Nd5 3. c4 Nb6 4. Nc3 d6 5. exd6 cxd6 6. d4 Bf5 7. Nf3 Nc6 8. Bg5
Nb4 9. Be2 Nc2+ 10. Kf1 Nxa1 11. Qxa1 g6 12. Qc1 Bg7 13. h4 Rc8 14. b3 Nd7 15.
g3 h6 16. Be3 Bg4 17. Kg2 h5 18. Qd2 O-O 19. Bh6 Kh7 20. Ng5+ Kg8 21. Bxg7 Kxg7
22. Bxg4 hxg4 23. h5 Rh8 24. hxg6 Rxh1 25. Kxh1 Qh8+ 26. Kg1 Qh6 27. gxf7 Nf6
28. Ne6+ Kh7 29. Qxh6+ Kxh6 30. f8=Q+ Rxf8 31. Nxf8 1-0

[Event "AUTO-OPEN-3386"]
[Site "http://www.queenalice.com/game.php?id=1324015"]
[Date "2014.11.24"]
[Round "1"]
[White "gmvitinho"]
[Black "paco78"]
[Result "1-0"]
[WhiteElo "1680"]
[BlackElo "1939"]

1. d4 d5 2. Bf4 Nf6 3. Nf3 h6 4. e3 Nh5 5. Bg3 Nxg3 6. hxg3 Bg4 7. Nbd2 Nc6 8.
c3 f6 9. Be2 a6 10. Qc2 Qd7 11. Qg6+ Kd8 12. O-O-O e5 13. dxe5 Bxf3 14. Nxf3
Nxe5 15. Nxe5 fxe5 16. Bg4 Qc6 17. Qf5 Bd6 18. Qg6 Bf8 19. Qf7 d4 20. exd4 e4
21. Rhe1 Qd6 22. Rxe4 Be7 23. Rde1 Re8 24. Bh5 Kd7 25. Re6 Rf8 26. Rxd6+ cxd6
27. Rxe7+ Kc6 28. Qc4+ Kb6 29. Qc7+ Kb5 30. Be2+ Ka4 31. Qc4+ Ka5 32. Qb4# 1-0

[Event "AUTO-OPEN-3386"]
[Site "http://www.queenalice.com/game.php?id=1324016"]
[Date "2014.11.24"]
[Round "1"]
[White "paco78"]
[Black "gmvitinho"]
[Result "1-0"]
[WhiteElo "1934"]
[BlackElo "1695"]

1. d4 Nf6 2. h3 d5 3. Nc3 Bf5 4. Bf4 e6 5. a3 Bd6 6. Bxd6 Qxd6 7. e3 Nbd7 8. Nf3
h6 9. Bb5 c6 10. Be2 O-O 11. O-O Rfe8 12. b4 e5 13. dxe5 Nxe5 14. Nd4 Bg6 15. b5
c5 16. Nb3 b6 17. f3 Rad8 18. f4 Ned7 19. f5 Bh7 20. Bc4 Rxe3 21. Nxd5 Nxd5 22.
Bxd5 Qg3 23. Bc6 c4 24. Nc1 Bxf5 25. Ne2 Qe5 26. Rf2 Bxc2 27. Qf1 Nf6 28. Rc1
Bd3 29. Rd1 Rd6 30. Rd2 Bxe2 31. Rdxe2 Rxe2 32. Rxe2 Qd4+ 33. Kh2 c3 34. Qc1 Qd3
35. Rc2 Nd5 36. Bxd5 Qxd5 37. Rxc3 Qxb5 38. Qc2 Qe5+ 39. g3 Rg6 40. h4 b5 41.
Rc8+ Kh7 42. Qd3 1-0

[Event "Let's Play Chess!"]
[Site "http://www.queenalice.com/game.php?id=1325833"]
[Date "2014.12.3"]
[Round "-"]
[White "Rider"]
[Black "gmvitinho"]
[Result "1-0"]
[WhiteElo "1624"]
[BlackElo "1689"]

1. d4 Nf6 2. Nf3 g6 3. Qd3 Bg7 4. c3 O-O 5. e4 d6 6. d5 Nbd7 7. Be2 Re8 8. Be3
e5 9. O-O Nf8 10. Nbd2 Bg4 11. c4 N6d7 12. h3 Bxf3 13. Bxf3 Nc5 14. Bxc5 dxc5
15. Nb3 Qd6 16. Qe3 Nd7 17. Bg4 b6 18. a4 Nf6 19. Be2 Rf8 20. a5 Qd7 21. axb6
cxb6 22. Rfd1 Ne8 23. Qg5 f6 24. Qg4 Qxg4 25. Bxg4 Nd6 26. Nd2 f5 27. exf5 Nxf5
28. Ne4 Nd4 29. Ng5 Rae8 30. Be6+ Nxe6 31. Nxe6 Rf7 32. Ng5 Rf5 33. h4 Bh6 34.
Ne4 Rd8 35. Rxa7 Rf7 36. Rxf7 Kxf7 37. g4 Bf4 38. Kg2 h6 39. f3 g5 40. hxg5 hxg5
41. Rh1 Kg6 42. d6 Be3 43. Rd1 Bd4 44. b3 1-0

[Event "Let's Play Chess!"]
[Site "http://www.queenalice.com/game.php?id=1325835"]
[Date "2014.12.3"]
[Round "-"]
[White "Rider"]
[Black "gmvitinho"]
[Result "0-1"]
[WhiteElo "1647"]
[BlackElo "1638"]

1. e4 Nf6 2. e5 Nd5 3. Bc4 Nb6 4. Bb3 c5 5. Qf3 c4 6. e6 dxe6 7. Bxc4 Nxc4 8. d3
Nd6 9. Nc3 Nc6 10. Nh3 h6 11. Bf4 Bd7 12. O-O-O Qa5 13. d4 Nb4 14. a3 Nc4 15.
Qxb7 Nb6 16. axb4 Qxb4 17. Qf3 Rc8 18. Rhe1 Nc4 19. Na4 Qxa4 20. c3 Qa1+ 21. Kc2
Qxb2+ 22. Kd3 Bb5 23. Ke4 f5+ 24. Kd3 Ne5+ 25. Ke3 Rxc3+ 0-1

[Event "Let's Play Chess!"]
[Site "http://www.queenalice.com/game.php?id=1326301"]
[Date "2014.12.5"]
[Round "-"]
[White "gmvitinho"]
[Black "mathematician1961"]
[Result "0-1"]
[WhiteElo "1658"]
[BlackElo "1653"]

1. d4 Nf6 2. Nf3 d5 3. Bf4 c5 4. c3 Nc6 5. e3 Nh5 6. Be5 f6 7. Bg3 Qb6 8. Qb3
Qxb3 9. axb3 cxd4 10. exd4 Nxg3 11. hxg3 e6 12. c4 Nb4 13. Kd2 Kf7 14. Nc3 b6
15. Nb5 a6 16. Nc3 Bd7 17. Be2 a5 18. Ne1 Rc8 19. Nc2 Bc6 20. f3 Nxc2 21. Kxc2
Bd6 22. f4 dxc4 23. bxc4 Bxg2 24. Rhe1 Bb4 25. b3 h5 26. Rg1 Ba8 27. Rad1 h4 28.
gxh4 Rxh4 29. d5 exd5 30. Nxd5 Rh2 31. Kd3 Bxd5 32. cxd5 Rc3+ 0-1

[Event "Challenge"]
[Site "http://www.queenalice.com/game.php?id=1326642"]
[Date "2014.12.8"]
[Round "-"]
[White "gmvitinho"]
[Black "lesoleil"]
[Result "1-0"]
[WhiteElo "1570"]
[BlackElo "1834"]

1. d4 Nf6 2. Nf3 d5 3. Bf4 e6 4. h3 Nc6 5. e3 Ne4 6. Bd3 Bd7 7. Nbd2 f5 8. O-O
h6 9. Ne5 g5 10. Qh5+ Ke7 11. Ng6+ Kf7 12. Nxh8+ Kg8 13. Bxe4 gxf4 14. Bf3 Kxh8
15. Be2 f3 16. Qxf3 Qf6 17. c3 Bd6 18. c4 dxc4 19. Bxc4 Rg8 20. Kh1 Ne7 21. e4
Bc6 22. Rfe1 Qg5 23. Rad1 Bb4 24. Bxe6 Rg6 25. d5 fxe4 26. Qxe4 1-0

[Event "Challenge"]
[Site "http://www.queenalice.com/game.php?id=1326643"]
[Date "2014.12.8"]
[Round "-"]
[White "Vonrunstedt"]
[Black "gmvitinho"]
[Result "0-1"]
[WhiteElo "1818"]
[BlackElo "1520"]

1. e4 Nf6 2. Nc3 d5 3. exd5 Nxd5 4. Nxd5 Qxd5 5. d4 Nc6 6. c3 e5 7. Be3 exd4 8.
Nf3 Bg4 9. Be2 O-O-O 10. c4 Qa5+ 11. Bd2 Bb4 12. Bxb4 Qxb4+ 13. Kf1 Bxf3 14.
Bxf3 Qxc4+ 15. Kg1 d3 16. g3 Qc2 17. Bg4+ Kb8 18. Qf3 Ne5 19. Qf5 Nxg4 20. Qxg4
d2 21. Kg2 h5 22. Qf3 f5 23. Qb3 Qe4+ 24. Kh3 h4 25. f3 hxg3+ 26. Kxg3 Qh4+ 27.
Kg2 Rde8 28. Qd3 Rh6 29. Qxd2 Rg6+ 30. Kf1 Qh3+ 0-1

[Event "Challenge"]
[Site "http://www.queenalice.com/game.php?id=1326644"]
[Date "2014.12.8"]
[Round "-"]
[White "gmvitinho"]
[Black "shady66"]
[Result "1/2-1/2"]
[WhiteElo "1499"]
[BlackElo "1771"]

1. e4 e5 2. f4 exf4 3. Nf3 d6 4. d4 g5 5. h4 f6 6. d5 a6 7. hxg5 fxg5 8. Qd4 Qf6
9. Qxf6 Nxf6 10. Nxg5 h6 11. Nc3 Bg4 12. Rh4 h5 13. Bxf4 Nbd7 14. Ne6 Rc8 15.
Nxf8 Rxf8 16. Be3 Ne5 17. Bg5 Ke7 18. Be2 Rg8 19. Bxf6+ Kxf6 20. Bxg4 Nxg4 21.
Rxh5 Ne3 22. Ke2 Rg3 23. Rf1+ Nxf1 24. Kxf1 Rcg8 25. Rf5+ Ke7 26. Rf2 Rf8 27.
Rxf8 Kxf8 28. Kf2 Rg7 29. a4 Rf7+ 30. Ke3 Kg7 31. Ne2 Kg6 32. Nf4+ Kg5 33. Ne6+
Kg4 34. Nd8 Rf6 35. Nxb7 Kg3 36. c4 Kxg2 37. Na5 Rf1 38. b3 Kg3 39. Kd4 Kf4 40.
Nc6 Rd1+ 41. Kc3 Kxe4 42. Nb8 a5 43. Nc6 Rd3+ 44. Kb2 Rh3 45. Nxa5 Kd4 46. Ka3
Kc5 47. Nb7+ Kb6 48. Nd8 Rh8 49. Nc6 Kc5 50. a5 Ra8 51. Ka4 Ra6 52. b4+ Kxc4 53.
b5 Ra8 54. a6 Kxd5 55. a7 Kc5 56. Ka5 d5 57. Ka6 d4 58. Nxd4 Kxd4 59. Kb7 Rxa7+
60. Kxa7 Kc5 61. Kb7 Kxb5 62. Kxc7 Kc5 63. Kd7 1/2-1/2

[Event "Challenge"]
[Site "http://www.queenalice.com/game.php?id=1327294"]
[Date "2014.12.10"]
[Round "-"]
[White "shady66"]
[Black "gmvitinho"]
[Result "0-1"]
[WhiteElo "1771"]
[BlackElo "1658"]

1. e4 Nf6 2. Qf3 e5 3. Nc3 Bc5 4. h3 Nc6 5. a3 d6 6. b4 Bb6 7. Bc4 O-O 8. Nge2
Qe8 9. d3 Be6 10. Bxe6 Qxe6 11. Nd5 Nd4 12. Nxd4 Bxd4 13. Rb1 Nxd5 14. exd5 Qe7
15. Qg3 f5 16. Bb2 Bxb2 17. Rxb2 Rf6 18. O-O Rg6 19. Qe3 a6 20. c4 Rf8 21. Kh2
f4 22. Qf3 Qh4 23. Rg1 Qe7 24. a4 Qd7 25. b5 axb5 26. axb5 Ra8 27. Rbb1 Qe8 28.
Qe4 Ra2 29. Qf3 Qa8 30. Rgf1 Qa3 31. Qd1 Qc5 32. f3 Rgxg2+ 33. Kh1 Rh2# 0-1

[Event "Challenge"]
[Site "http://www.queenalice.com/game.php?id=1328044"]
[Date "2014.12.14"]
[Round "-"]
[White "gmvitinho"]
[Black "Nahid"]
[Result "0-1"]
[WhiteElo "1706"]
[BlackElo "1995"]

1. d4 d5 2. Nf3 Nf6 3. Bf4 e6 4. h3 c5 5. c3 Nc6 6. e3 Qb6 7. Qc2 g6 8. Nbd2 Nd7
9. Be2 f6 10. O-O a5 11. Rab1 a4 12. b3 a3 13. dxc5 Nxc5 14. c4 Nb4 15. Qc3 Nd7
16. Ra1 h6 17. cxd5 Nxd5 18. Qc4 Nxf4 19. Qxf4 g5 20. Qc4 Bb4 21. Rac1 Kf7 22.
Rfd1 Nc5 0-1

[Event "Challenge"]
[Site "http://www.queenalice.com/game.php?id=1328045"]
[Date "2014.12.14"]
[Round "-"]
[White "yclaudiu35"]
[Black "gmvitinho"]
[Result "1-0"]
[WhiteElo "1936"]
[BlackElo "1702"]

1. e4 Nf6 2. Nc3 d5 3. exd5 Nxd5 4. Nxd5 Qxd5 5. d4 Nc6 6. c3 Bf5 7. h3 O-O-O 8.
Nf3 e6 9. b4 Be7 10. Bf4 h6 11. Bd3 Bxd3 12. Qxd3 g5 13. Bg3 1-0